KOHA-Header-6

Waziristan Kal, Aaj aur (Record no. 12133)

000 -LEADER
fixed length control field 00292nam a22001217a 4500
082 ## - DEWEY DECIMAL CLASSIFICATION NUMBER
Classification number 938.05
100 ## - MAIN ENTRY--AUTHOR NAME
Personal name Professor Dr. M. Nawaz Mehsood
245 ## - TITLE STATEMENT
Title Waziristan Kal, Aaj aur
260 ## - PUBLICATION, DISTRIBUTION, ETC. (IMPRINT)
Place of publication Sargodha
Name of publisher University of Sargodha
Year of publication 2015
300 ## - PHYSICAL DESCRIPTION
Number of Pages 306
650 ## - SUBJECT ADDED ENTRY--TOPICAL TERM
Topical Term English Fiction
942 ## - ADDED ENTRY ELEMENTS (KOHA)
Koha item type Books
Holdings
Withdrawn status Lost status Collection code Permanent Location Current Location Shelving location Date acquired Full call number Accession Number Koha item type
    Urdu Literature MAJU MAJU   2019-10-30 938.05 9365 Urdu Literature

Powered by Koha